000 00742nam a2200253 i 4500
001 16525
003 ES-MaACL
005 20240306142522.0
007 t|
008 001016s1999 sp ||||1| spa d
020 _a84-460-1148-4
080 _a327(430)"19"
080 _a329.18(430)
100 1 _aBologna, Sergio.
_929999
245 1 0 _aNazismo y clase obrera, 1933-1993 /
_cSergio Bologna.
260 _aMadrid :
_bAkal,
_c[1999]
300 _a119 p. ;
_c24 cm.
490 1 _aCuestiones de antagonismo ;
_v4
650 _aMovimiento obrero-
_zAlemania.
_915208
650 4 _aNacionalsocialismo
_915470
830 0 _aCuestiones de antagonismo ;
_v4
_9180285
852 _aES-MaACL
_jL-23891
_bR.128934
999 _c16525
_d16525